Manual de energía solar fotovoltaica

Spremljeno u:
Bibliografski detalji
Format: Knjiga
Jezik:španjolski
Izdano: Madrid IDAE 1996
Serija:Biblioteca Cinco Días. Manuales de Energías Renovables, 6
Teme:
Oznake: Dodaj oznaku
Bez oznaka, Budi prvi tko označuje ovaj zapis!

MARC

LEADER 00000nam a2200000 a 4500
001 UCN9616
003 CL-VaPUC
008 011221e19960000SP |||||||||||||||||spa|d
082 0 4 |a 621.31244  |b MAN  |2 21 
245 1 0 |a Manual de energía solar fotovoltaica 
300 |a 139 p 
942 |c BK 
945 |d 20011221 00:00:00  |a vberengu 
260 |a Madrid  |b IDAE  |c 1996 
500 |a ALGUNOS EJEMPLARES EN INST.DE GEOGRAFIA POR PROY.MINEDUC 
650 7 |a ENERGIA SOLAR  |2 CL-VaPUC  |9 466173 
650 7 |a RADIACION SOLAR  |2 CL-VaPUC  |9 350685 
650 7 |a GENERACION FOTOVOLTAICA  |2 CL-VaPUC  |9 466174 
651 0 |a España  |9 254926 
583 |a last modification  |c 20011221 00:00:00  |k Rodrigo Vera 
490 0 |a Biblioteca Cinco Días. Manuales de Energías Renovables, 6 
999 |c 298916  |d 298914 
952 |0 0  |1 0  |2 ddc  |4 0  |6 621_312440000000000_MAN_1996  |7 0  |8 A  |9 354924  |a BIBING  |b BIBING  |d 2019-11-21  |i 3782859  |o 621.31244 MAN 1996  |p 3782859  |r 2025-01-20  |w 2019-11-21  |y BK  |k GEO